| 000 | 01006nam a2200289 a 4500 | ||
|---|---|---|---|
| 003 | AR-BaBNM | ||
| 005 | 20251128210317.0 | ||
| 008 | 082120s2002 ||||||||||||||000 | spa|| | ||
| 040 | _cAR-BaBNM | ||
| 100 | 1 |
_aEddy, Edward Danforth _cjr. |
|
| 245 | 0 | 0 | _aLos centros de enseñanza norteamericanos en la actualidad |
| 260 |
_aBarcelona _bReverté _c1962 |
||
| 300 | _a277 p. | ||
| 500 | _aDescripción del único sistema de enseñanza Land-Grant, cuyo desarrollo educativo esta actualmente ganando el reconocimiento de gran parte del mundo | ||
| 500 | _aNotas p. 244-252 | ||
| 500 | _aContiene índice alfabético p. 270-277 | ||
| 500 | _aContiene lista de Colleges y universidades Land-Grant p. 241-243 | ||
| 504 | _aContiene bibliografía p. 253-267 | ||
| 650 | 4 | _aHISTORIA DE LA EDUCACION | |
| 650 | 4 | _aUNIVERSIDADES | |
| 651 | 4 | _aEstados Unidos | |
| 653 | _aEXPERIENCIAS EDUCATIVAS | ||
| 653 | _aINSTITUCIONES EDUCATIVAS | ||
| 653 | _aNIVEL MEDIO | ||
| 942 | _cBK | ||
| 998 | _cRaquel | ||
| 999 |
_c14901 _d14901 |
||